| 000 | 01368cam a2200265 4500 | ||
|---|---|---|---|
| 001 | ABS65407 | ||
| 008 | 020422n2002 000 0 eng u | ||
| 035 | _a(Sirsi) u117614 | ||
| 100 | _aPincott, D | ||
| 245 | _aDilapidations: repair or settle? | ||
| 260 | _c2002 | ||
| 490 |
_aFacilities Management _v9(6) March 2002, 24-25(2) |
||
| 520 | _aExamines dilapidations and the choice tenants face between carrying out repair work or negotiating a financial settlement. Explains the normal procedure tenants should expect when landlords serve a Schedule of Dilapidations and advises tenants to employ the services of a chartered surveyor and specialist solicitor. Looks at common scenarios that may happen at the end of a commercial lease, outlining how the tenant's surveyor and/or solicitor may respond: carrying out repair works; negotiating a financial settlement; delaying a settlement; responding to improvements subsequently undertaken by the landlord; no action; and limiting damages. Also explains leases that include a break clause and part 36 offers. | ||
| 590 | _aABS | ||
| 650 |
_aDilapidations _96235 |
||
| 650 | _aBREAK CLAUSES | ||
| 650 | _aPART 36 OFFERS | ||
| 650 | _aDAMAGES | ||
| 650 | _aDISREPAIR | ||
| 650 | _aSETTLEMENTS | ||
| 650 | _aWORKS OF REPAIR | ||
| 690 |
_aDilapidations _96235 |
||
| 700 | _aShortall, D | ||
| 942 | _n0 | ||
| 999 |
_c70035 _d70035 |
||